Nespojitosti pri počiatočnej a koncovej fáze v procese zvárania zliatin AlSiMg pevnolátkovým Nd:YAG laserom

Gespeichert in:
Bibliographische Detailangaben
1. Verfasser: Pikálková, Vanesa Patrícia (Verfasst von)
Weitere Verfasser: Resek, Martin (Betreuung Doktorarbeit)
Format: Manuskript Buch
Sprache:Slowakisch
Veröffentlicht: 2020
Schlagworte:
Online-Zugang:http://is.stuba.sk/zp/portal_zp.pl?podrobnosti=151380
Tags: Tag hinzufügen
Keine Tags, Fügen Sie das erste Tag hinzu!

MARC

LEADER 00000ntm a22000003a 4500
001 stuzp78917
003 SK-STU
005 20200704212407.9
007 ta
008 150427s2015----xo-----f-mn---000-0-slo-d
040 |a STU  |b slo 
041 0 |a slo 
100 1 |a Pikálková, Vanesa Patrícia  |u 061000  |k Z4  |4 aut  |U MTF Materiálovotechnologická fakulta  |T MTF Ústav materiálov  |X 80166  |U M1000  |Y 81  |7 80166 
242 0 1 |a Discontinuities in the start and end phases in the AlSiMg alloy welding process by solid-state Nd:YAG laser  |y eng 
245 1 0 |a Nespojitosti pri počiatočnej a koncovej fáze v procese zvárania zliatin AlSiMg pevnolátkovým Nd:YAG laserom 
260 |c 2020 
650 4 |a zváranie  |2 slo 
650 4 |a laserové zváranie  |2 slo 
650 4 |a zliatiny hliníka  |2 slo 
650 4 |a nedeštruktívne metódy skúmania materiálov  |2 slo 
650 4 |a hliník  |2 slo 
650 4 |a karoséria  |2 slo 
650 4 |a non-destructive testing methods of material  |2 eng 
650 4 |a aluminium alloys  |2 eng 
650 4 |a welding  |2 eng 
650 4 |a laser welding  |2 eng 
650 4 |a aluminium  |2 eng 
650 4 |a car body  |2 eng 
700 1 |a Resek, Martin  |4 ths  |X 60750  |7 A000060750 
856 4 |u http://is.stuba.sk/zp/portal_zp.pl?podrobnosti=151380 
996 |c M* DP-14385  |l MMSKP  |s P  |a 0  |w stuzp78917_0001